ལྸ་བཟང་སྒྲོལ་མ། (Record no. 8728)

MARC details
000 -LEADER
fixed length control field 00415nam a22001577a 4500
008 - FIXED-LENGTH DATA ELEMENTS--GENERAL INFORMATION
fixed length control field 210505b ||||| |||| 00| 0 eng d
082 ## - DEWEY DECIMAL CLASSIFICATION NUMBER
Classification number 895.1 KHA
100 ## - MAIN ENTRY--PERSONAL NAME
Personal name Khandu, Shenap
245 ## - TITLE STATEMENT
Title ལྸ་བཟང་སྒྲོལ་མ།
260 ## - PUBLICATION, DISTRIBUTION, ETC.
Place of publication, distribution, etc. Thimphu :
Name of publisher, distributor, etc. KOM`S Publication,
Date of publication, distribution, etc. N A.
300 ## - PHYSICAL DESCRIPTION
Extent 87 p.
Dimensions 21 cm.
650 ## - SUBJECT ADDED ENTRY--TOPICAL TERM
Topical term or geographic name entry element Dzongkha Novel
700 ## - ADDED ENTRY--PERSONAL NAME
Personal name Tenzin, Karma
Personal name Wangchuk
942 ## - Added entry Elements (Koha)
Source of classification or shelving scheme Dewey Decimal Classification
Holdings
Withdrawn status Lost status Source of classification or shelving scheme Damaged status Not for loan Collection code Home library Current library Shelving location Date acquired Serial Enumeration / chronology Total Checkouts Full call number Barcode Date last seen Price effective from Koha item type
    Dewey Decimal Classification     Dzongkha RTC Library RTC Library Dzongkha 05/05/2021 15060   895.1 KHA 30014912 05/05/2021 05/05/2021 Dzongkha
Royal Thimphu College || All Right Reserved